Statistics for Daily U.S. State Riddle #8

Click here to take the quiz!

General Stats

  • This quiz has been taken 94 times
  • The average score is 32 of 38

Answer Stats

TypeAnswer% Correct
Found LetterN
100%
Alphabet LetterA
99%
Found LetterI
99%
Alphabet LetterS
99%
Found LetterE
98%
Alphabet LetterM
98%
Found LetterO
98%
Found LetterT
98%
Found LetterC
96%
Alphabet LetterR
96%
Alphabet LetterH
95%
Alphabet LetterL
95%
Alphabet LetterW
94%
Alphabet LetterD
91%
Alphabet LetterG
91%
Alphabet LetterY
91%
Found LetterU
89%
Alphabet LetterK
88%
Alphabet LetterV
87%
Alphabet LetterX
87%
Alphabet LetterF
85%
Alphabet LetterP
85%
Alphabet LetterB
78%
Alphabet LetterJ
75%
Correctly Placed LetterI
74%
Alphabet LetterZ
74%
Correctly Placed LetterC
69%
Correctly Placed LetterC
69%
Correctly Placed LetterC
69%
Mystery U.S. StateConnecticut
69%
Correctly Placed Letter
E
69%
Correctly Placed LetterN
69%
Correctly Placed LetterN
69%
Correctly Placed LetterO
69%
Alphabet LetterQ
69%
Correctly Placed LetterT
69%
Correctly Placed LetterT
69%
Correctly Placed LetterU
69%

Score Distribution

Percentile by Number Answered

Percent of People with Each Score

Your Score History

You have not taken this quiz